| 000 | 00977nam a2200289 a 4500 | ||
|---|---|---|---|
| 001 | BRCA_4340 | ||
| 005 | 20190320204632.0 | ||
| 008 | 091208s1956----u--a######---#000-0#eng-# | ||
| 041 | _aeng | ||
| 044 | _au | ||
| 050 | 4 |
_aNB813.L4 _b.P76 2 _c1956 |
|
| 100 | 1 |
_aProske, Beatrice Gilman _d1899-2002 _97918 |
|
| 245 | 1 | 0 |
_aPompeo Leoni _bWork in Marble and Alabaster in Relation to Spanish Sculpture _cby Beatrice Gilman Proske. |
| 260 |
_aEstados Unidos de América _bThe Hispanic Society of America _c1956 |
||
| 300 |
_a49 p. _bil. _c22 cm. |
||
| 440 | 0 |
_aHispanic Notes & Monographs Essays, Studies and Brief Biographies _97619 |
|
| 500 | _aIncluye índice alfabético | ||
| 500 | _aEjemplar igual a AA22 | ||
| 500 | _aM64 | ||
| 504 | _aBibliografía: p. 41-44 | ||
| 600 | 1 | 4 |
_aLeoni, Pompeo _dm.1610? _97919 |
| 600 | 1 | 4 |
_aLeoni, Leone _d1509-1590 _97920 |
| 650 | 1 | 4 |
_aEscultura española _97921 |
| 650 | 1 | 4 |
_aEscultores italianos _97653 |
| 902 | _aGFM | ||
| 942 |
_2lcc _cB |
||
| 999 |
_c4051 _d4051 |
||